| 000 | 00754nam a22002175i 4500 | ||
|---|---|---|---|
| 001 | 160435 | ||
| 003 | ES-MaACL | ||
| 005 | 20230906212032.0 | ||
| 008 | 000728s1867 fr |||| | fre d | ||
| 040 |
_aCCPB | B _bspa _cCCPB | B |
||
| 110 | 2 |
_aMusée de la Renaissance (París) _9134709 |
|
| 245 | 1 | 0 |
_aNotice de la verrerie et des vitraux / _cpar A. Sauzay. |
| 260 |
_aParis : _b[s.n.], _c1867 ( _fCharles de Mourgues Frères) |
||
| 300 |
_a148 p. ; _c23 cm. |
||
| 650 | 4 |
_aMuseos- _zFrancia- _vCatálogos. _9223341 |
|
| 650 | 4 |
_aVidrieras. _9136982 |
|
| 700 | 1 | 1 |
_aSauzay, A. _9132512 |
| 752 |
_aFrancia - _dParís |
||
| 852 |
_aES-MaACL _jD-1786 _z-- Enc. hol. _x-- Edic.: Consta la serie: Musee de la Renaissance, Serie F |
||
| 999 |
_c160435 _d160435 |
||